Kraje graniczące z Demokratyczną Republiką Konga - Statystyki

Ogólne statystyki
  • Ten quiz został rozwiązany 21 razy
  • Średni wynik to 8 z 9
Statystyki odpowiedzi
Odpowiedź % Poprawnych
Kongo
100%
Angola
95%
Rwanda
95%
Zambia
95%
Burundi
90%
Republika Środkowoafrykańska
90%
Tanzania
90%
Uganda
90%
Sudan Południowy
81%
Nie znaleziono quizów pasujących do podanych kryteriów
Rozkład punktacji
Procent ludzi z każdym wynikiem
Percentyl według liczby udzielonych odpowiedzi
Twoja historia wyników
Nie rozwiązałeś tego quizu